000 00575nam a2200169 i 4500
001 81198
003 ES-MaACL
005 20230906174404.0
007 t|
008 041103s1978 sp ||||1| spa d
245 0 0 _aHomenaje a Jorge Guillén
_b: 32 estudios crítico-literarios sobre su obra.
260 _a[Madrid] :
_bInsula,
_c1978.
300 _a478 p. ;
_c24 cm.
500 _aPrecede al tít.: Wellesley College, Department of Spanish.
710 2 _aWellesley College (Wellesley, Massachusetts).
_bDepartment of Spanish.
_97569
852 _aES-MaACL
_jA-9024
_bR.97721
999 _c81198
_d81198